000 00503nam a2200181Ia 4500
003 GCL
008 140319s9999 xx 000 0 ara d
040 _aGCL /
_cGCL
082 0 4 _a811.9
_bخ ص
100 1 _aخيريه صابر
245 1 0 _aصهيل المسافة /
_cخيريه صابر
300 _a96 ص
490 _aكتاب
_v0
650 0 4 _aالشعر العربى
650 0 4 _aدواوين وقصائد
650 0 4 _aالشعر العربى - العصر الحديث
942 _2ddc
_cBK
999 _c41297
_d41297